000 00607nam a2200205Ia 4500
003 GCL
008 140319s9999 xx 000 0 ara d
020 _a3807049977
040 _aGCL /
_cGCL
082 0 4 _a814.008
_bا ا
100 1 _aانيس منصور
245 1 0 _aاعجب الرحلات فى التاريخ /
_cانيس منصور
250 _aالحادية عشر
260 _aالقاهرة :
_bالمكتب المصرى الحديث ،
_c1991
300 _a723 ص ؛
_c25 سم
490 _a
650 0 4 _aالادب العربى
650 0 4 _aادب الرحلات
942 _2ddc
_cBK
999 _c53080
_d53080